000 00659nam a2200205 a 4500
008
049 _aMAIN
090 _aTK6575
100 1 _aParr, Alfred
245 1 0 _aPrinciples of setting-out:
_bsecuring and tooling operations
_bfor engineering students and apprentices and students in manual training-metal work/
_cAlfred Parr.
260 _aLondon :
_bLongmans,
_c1913
300 _aviii, 290 p. :
_bill. ;
_c22 cm.
500 _aIncludes index.
650 _aEngineering.
907 _a.b10162136
_b01-06-05
_c04-05-05
003
005 20230123134006.0
040 _cNUST
942 _cBOOKS
_kTK6575
999 _c158152
_d158152